000 00379nam a2200145Ia 4500
008 221030s9999 xx 000 0 und d
041 _aEnglish
082 _a105.23
_bChi
100 _aJ. S. Chitode ( PR )
245 0 _aDigital Signal Processing ( PR )
_cby J. S. Chitode ( PR )
260 _bTechnical Pub.
_aPune
_c2002
300 _a551
650 _aBE Computer
942 _cBK
999 _c8139
_d8139